00721nam a2200169Ia 4500008004100000041001200041082001600053100001300069245005200082260003300134300000800167650001600175942000700191999001500198952016900213952016900382221030s9999 xx 000 0 und d aEnglish a105.23bSin aS. Singh 0aText Book of Computer Applicationscby S. Singh bIndian Pub.aJalandharc1998 a192 aBE Computer cBK c8391d8391 pBE 676g80.00l0o105.23 Sinr2024-06-13 00:00:00w2022-10-30yBK003Print4070aMIETLIBbMIETLIBcBL-Academic Block C, FL-2, CUP-48, SH-3, R-3d1999-11-3010HBE pBE 677g80.00l0o105.23 Sinr2024-06-13 00:00:00w2022-10-30yBK003Print4070aMIETLIBbMIETLIBcBL-Academic Block C, FL-2, CUP-48, SH-4, R-4d1999-12-0210HBE